Jeux FromSoftware - Statistiques

Statistiques générales
  • Ce quiz a été pris 197 fois
  • Le résultat moyen est 6 sur 6
Answers on the Grid
Answers color-coded by a green-red scale on the quiz's grid according to % correct below.
Life is strange
Elden Ring
Dark Souls
Hollow knight
Sekiro
Pokemon
Cyberpunk
Farcry
Assassin's creed
Armored Core
GTA V
Demon's souls
Bloodborn
 
Statistiques - réponses
Réponse % Correct
Elden Ring
99%
Dark Souls
96%
Sekiro
96%
Bloodborn
94%
Demon's souls
94%
Armored Core
80%
Aucun quiz correspondant
Distribution des résultats
% des personnes avec chaque résultat
Percentile par nombre de réponses
Votre historique - résultats
Vous n’avez pas pris ce quiz